000 00636nam a2200169Ia 4500
001 6647
008 260622s9999 xx 000 0 und d
020 _a9789947859698
245 0 _aالشعر من فلسطين/
_cإنجاز: مراد السوداني، محمد حلمي الريشة
260 _aالجزائر؛
_bجمعية البيت للثقافة و الفنون؛
_c2010
300 _a268p;
_c20x13cm
520 _a31 poets fro m Palestine, with a short biography and a selection from their work.
546 _aArabic
650 _aPN1010-1525 Poetry
_91039
651 _aLevant
_zPalestine فلسطين
_99504
942 _cBK
999 _c6647
_d6647